000 00814nam a2200265 i 4500
001 C2-0218645
003 PPAK
005 20180728111011.0
008 990802s1996 caua|||| ||||| | eng d
020 _a0881732192
040 _aPPAK
_beng
_cPPAK
_erda
082 0 4 _a697
_2 23
090 0 0 _a697
_bWEN
_dR
100 1 _aWendes, Herb,
_eauthor
245 1 0 _aHVAC energy audit and balancing forms manual
264 1 _aLiburn, CA :
_bFairmont Press ,
_c1996
300 _aix, 232 pages :
_billustrations ;
_c28 cm
336 _2rdacontent
_atext
337 _2rdamedia
_aunmediated
338 _2rdacarrier
_avolume
500 _aIncludes index
650 1 0 _aHeating - Equipment and supplies - Testing - Forms ; Ventilation - Equipment and supplies - Testing - Forms
700 _eauthor
942 _ddc
_cB
999 _c161439
_d161439